000 00809nab a2200241 u 4500
001 11091
003 HDC
007 cr bn ---aaaaa
008 210206c mydr|nes 0 a eng d
040 _aHDC
245 0 _aThere's paradigm shift in government's approach to exports: Dastgir
260 _a[no place] :
_b[publisher not identified],
_c[no year]
336 _atext
_2rdacontent
337 _acomputer
_2rdamedia
338 _aonline resource
_2rdacarrier
650 _aExport
_94753
650 _aInternational relation
_99192
710 _aBusiness Recorder
856 _zRequest full-text at [email protected]
942 _2lcc
942 _cNEWS
942 _kNWSO 000305
999 _c8414
_d8414